• 首页
  • 本馆介绍
  • 公告通知
  • 最新文献
  • 馆藏检索
  • 电子资源
  • 读者导购
  • 参考咨询
  • 我的图书馆
  • 登录
  • 详细信息显示
  • 放入我的书架
  • 预约/预借图书
  • 作者相关作品
  • 分类相关作品
  • 丛书相关作品
  • 出版社相关作品

书目信息

  • 表格格式
  • 工作单格式
  • 卡片格式
题名:
中西医结合护理浅谈
    
 
作者: ;解放军第一五七医院 编
分册:  
出版信息: 北京   人民卫生出版社  1978
页数: 521页
开本: 19cm
丛书名:
单 册:
中图分类: R472
科图分类:
主题词: 护理学
电子资源:
ISBN:
000 00622nam0 2200217 45
001 0178000763
005 20061121092853.18
010    @dCNY1.85
091    @aCN@b14048.3616
100    @a19950811d1978 em y0chiy0121 ea
101 0  @achi
102    @aCN@b110000
105    @aa z 000yy
200 10 @a中西医结合护理浅谈@Azhong xi yao jie he hu li qian tan@f中国人民解放军第一五七医院编
210    @a北京@c人民卫生出版社@d1978
215    @a521页@d19cm
606    @a护理学
690    @aR472@v3
711 02 @a解放军第一五七医院@Ajie fang jun di yi wu qi yi yuan@4编
801  0 @aCN@bTSSF@c20061121
905    @a10447@dR472@e1
    
    中西医结合护理浅谈/中国人民解放军第一五七医院编.-北京:人民卫生出版社,1978
    521页;19cm
    
    
    ISBN :CNY1.85
    
●
相关链接 在E读中查询图书 在五车中查询图书 在当当中查询图书 在豆瓣中查询图书


正题名:中西医结合护理浅谈     索取号:R472/1         预约/预借

序号 登录号 条形码 馆藏地/架位号 状态 备注
1 0005916   000714070   第二样本阅览室/ [索取号:R472/1] 在馆    
唐山师范学院图书馆 欢迎您!
大连网信软件有限公司© 版权所有